000 00852nam a2200289 i 4500
001 000023067
003 DO-SdBNP
005 20260226082201.0
007 ta
008 101125s1984 sp a r 000 0 spa d
020 _a8425414261
040 _aDO-SdBNP
_bspa
_cBNPHU
_erda
041 _aspa
082 4 _a171.4
_bM425a
_222
100 1 _aMateu, Gregorio,
_eautor
_4aut.
_947487
245 1 3 _aLa aventura de vivir /
_cGregorio Mateu.
264 1 _aBarcelona, (España) :
_bEditorial Herder,
_c1984.
300 _a360 páginas :
_bilustraciones ;
_c22 cm.
336 _atexto
_btxt
_2rdacontent
337 _asin mediación
_bn
_2rdamedia
338 _avolumen
_bnc
_2rdacarrier
650 4 _a Hedonismo
_946447
650 4 _aExistencialismo
_936017
650 4 _aFelicidad
_95856
650 7 _aConducta de vida
_2LIBRUNAM
_911947
942 _2ddc
_cLBS1
999 _c22564
_d22564